Overenie účtovnej závierky audítorom a výročná správa v podvojnom účtovníctve pre podnikateľov

Niektoré účtovné jednotky majú povinnosť overenia účtovnej závierky audítorom. Účtovná jednotka, ktorá musí mať účtovnú závierku overenú audítorom, musí vypracovať aj výročnú správu. Ktoré účtovné jednotky majú povinnosť overenia účtovnej závierky, za akých podmienok a v akej lehote sa overenie musí...

Description complète

Enregistré dans:
Détails bibliographiques
Auteur principal: Novotná, Ľudmila
Format: Chapitre de livre
Langue:slovaque
Sujets:
Tags: Ajouter un tag
Pas de tags, Soyez le premier à ajouter un tag!

MARC

LEADER 00000naa a2200000 4500
001 0229499
005 20170424122123.9
041 0 |a slo 
044 |a SK 
245 1 0 |a Overenie účtovnej závierky audítorom a výročná správa v podvojnom účtovníctve pre podnikateľov  |c Ľudmila Novotná 
520 |a Niektoré účtovné jednotky majú povinnosť overenia účtovnej závierky audítorom. Účtovná jednotka, ktorá musí mať účtovnú závierku overenú audítorom, musí vypracovať aj výročnú správu. Ktoré účtovné jednotky majú povinnosť overenia účtovnej závierky, za akých podmienok a v akej lehote sa overenie musí vykonať? 
610 2 0 |a jednotka účtovná 
610 2 0 |a správy výročné 
610 2 0 |a audítori 
610 2 0 |a podnikatelia 
610 2 0 |a účtovníctvo podvojné 
610 2 0 |a závierka účtovná 
100 1 |a Novotná, Ľudmila